000 00617nam a2200205Ii 4500
003 JO-AjNU
008 230606s9999||||xx |||||||||||||| ||und||
040 _aJO-AjNU
_beng
_erda
_cJO-AjNU
041 _aeng
050 1 4 _aPR2638.M4 1969
100 3 _aMeagher, John C,
_eauthor
_95497
245 0 0 _aMethod and Meaning in Jonson,s Masques
250 _a1 ed
264 3 1 _a Indiana :University of notre dame prees , 1969
300 _a214p
336 _atext
_btxt
_2rdacontent
337 _aunmediated
_bn
_2rdamedia
338 _avolume
_bnc
_2rdacarrier
650 4 _aMethod and Meaning in Jonsons Masques
_95498
999 _aE2842
_c2840
_d2840